|
|
|
|
| LEADER |
01025nam a2200277 a 4500 |
| 001 |
2576435 |
| 008 |
091230s1996 ii a b 001 0 eng d |
| 010 |
|
|
|a 95910801
|
| 020 |
|
|
|a 8170333069
|
| 040 |
|
|
|a DLC
|c DLC
|d BD-DhAAL
|
| 082 |
0 |
0 |
|a 305.42/0954
|2 20
|
| 245 |
0 |
0 |
|a Women images /
|c edited by Pratibha Jain, Rajan Mahan.
|
| 260 |
|
|
|a Jaipur :
|b Rawat Publications,
|c c1996.
|
| 300 |
|
|
|a 294 p. :
|b ill. ;
|c 22 cm.
|
| 500 |
|
|
|a Includes passages in Sanskrit.
|
| 520 |
|
|
|a Contributed articles.
|
| 504 |
|
|
|a Includes bibliographical references and index.
|
| 541 |
1 |
|
|e 00006127
|
| 650 |
|
0 |
|a Women
|z India.
|
| 650 |
|
0 |
|a Women
|z India
|x Social conditions.
|
| 650 |
|
0 |
|a Women
|z India
|x Literary collections.
|
| 700 |
1 |
|
|a Jain, Pratibha,
|d 1940-
|
| 700 |
1 |
|
|a Mahan, Rajan.
|
| 852 |
4 |
|
|a Ayesha Abed Library
|j General Shelf.
|
| 999 |
|
|
|c 6549
|d 6549
|
| 952 |
|
|
|0 0
|1 0
|2 ddc
|4 0
|6 305_420954000000000_WOM_1996
|7 0
|9 6659
|a BRACUL
|b BRACUL
|c GEN
|d 2009-12-31
|g 645.00
|l 6
|o 305.420954 WOM
|p 3010006127
|r 2025-11-16
|s 2025-11-09
|t 1
|w 2009-12-31
|y BK
|